000 00277nam a22000857a 4500
008 160312b xxu||||| |||| 00| 0 eng d
100 _aMuller, J.
245 _aMuller Briefmarken Katalog 8th Ed. 1960
_bDeutschland Spezial-Katalog
260 _aBerlin, Germany
_bLindemann & Ludecke
_c1960
999 _c1816
_d1816